Elemental Anagrams - Statistics

General Stats
  • This quiz has been taken 743 times
  • The average score is 14 of 24
Answer Stats
Hint Answer % Correct
NIT TIN
99%
NOR I IRON
96%
DALE LEAD
96%
NONE NEON
95%
LIVERS SILVER
92%
GROAN ARGON
85%
LAB COT COBALT
84%
CURRY ME MERCURY
70%
ICE RUM CERIUM
68%
CHOIR MUM CHROMIUM
59%
MINUS GAME MAGNESIUM
58%
SNUG TENT TUNGSTEN
56%
PRY KNOT KRYPTON
54%
TAUT MINI TITANIUM
48%
ENEMA SNAG MANGANESE
46%
BE MINOR BROMINE
44%
EDGY HORN HYDROGEN
44%
A MOIST PUS POTASSIUM
41%
TONNE RIG NITROGEN
40%
RICH NOEL CHLORINE
39%
RUM ENIGMA GERMANIUM
34%
CAN RISE ARSENIC
29%
MY TRIBUTE YTTERBIUM
28%
TRIM SNOUT STRONTIUM
22%
No matching quizzes found
Score Distribution
Percent of People with Each Score
Percentile by Number Answered
Your Score History
You have not taken this quiz